Geometry Dash Level Verifiers - Statistics

General Stats
  • This quiz has been taken 411 times
    332 since last reset
  • The average score is 12 of 24
Answer Stats
Level Other Contributors Verifier % Correct
Bloodbath Weoweoteo, Michigun, Etzer Riot
99%
Sonic Wave Cyclic Sunix
91%
Black Blizzard N/A KrmaL
89%
Conical Depression N/A KrmaL
76%
Sakupen Hell Noobas TrusTa
75%
Yatagarasu WOOGI1411, Findexi, COSINE TrusTa
73%
Acropolis N/A Zobros
71%
Red World Rebirth IIINePtunEIII, saRy, Findexi Riot
67%
Cataclysm (2.0) Ggb0y Riot
65%
Artificial Ascent ViPriN, Nasgubb, Hinds Combined
64%
The Ultimate Phase Cyclic, MaJackO, ZenthicAlpha Andromeda
63%
Devil Vortex Rustam ToshDeluxe
63%
Digital Descent Kips, ViPriN, Nasgubb Combined
56%
Erebus Rustam, iLreLL BoldStep
55%
HyperSonic Manix648, ViPriN, Terron Combined
50%
Plasma Pulse III GironDavid Smokes
35%
Zaphkiel (Hacked) Darwin (Hacked by) NoctaFly
32%
Blade of Justice Manix648, LazerBlitz RicoLP
31%
Glowy Rob Buck BoldStep
28%
UltraSonic ZenthicAlpha, Glittershroom, xcy-7 GironDavid
13%
Bausha Vortex Pennutoh GD Acharne
12%
Step to Hell LaZye BoldStep
11%
Galatic Fragility (Allegedly Hacked) TeamSmokeWeed Cyclic
8%
Deception Dive Rustam, Platnuu, AmorAMC Berke423
4%
No matching quizzes found
Score Distribution
Percent of People with Each Score
Percentile by Number Answered
Your Score History
You have not taken this quiz since the last reset